000 01111cam a2200337 4500
008 090401t1994 xxu||||| |||| 00| 0 eng d
020 _a0752000446
035 _a(Sirsi) u60493
041 _aeng
050 _a333.33
100 _aDarlow, Clive
245 _aTransactions: property development partnerships.
260 _aLondon
_bLongman
_c1994
300 _axxi,207p. ; 25cm.
350 _a58
520 _aA guide to all aspects of property development joint ventures, which examines and compares all the available legal vehicles or structures as well as looking at tax, legal and regulatory matters.
650 _aENGLISH PARTNERSHIPS
650 _aJOINT VENTURES
650 _aLOCAL AUTHORITY PARTNERSHIPS
650 _aPROPERTY DEVELOPMENT JOINT VENTURES
650 _aPROPERTY DEVELOPMENT PARTNERSHIPS
650 _aPROPERTY DEVELOPMENT
650 _aTAXATION
650 _aURBAN REGENERATION AGENCY
690 _aPROPERTY LAW AND PRACTICE
700 _aBruce-Radcliffe, Godfrey
700 _aMorley, Stuart
700 _aBoff, John
942 _n0
948 _c04/03/1997
999 _c94236
_d94236